Statistiche per Paesi senza aeroporti

Clicka qui per fare il quiz!

Statistiche generali

  • Questo quiz è stato fatto 255 volte
  • Il punteggio medio è 4 su 5

Statistiche sulle risposte

Paesi% Corretto
Citta Vaticano
99%
San Marino
96%
Andorra
85%
Liechtenstein
83%
Monaco
82%

Distribuzione punteggi

Percentile per numero di risposta

Percentuale di utenti per punteggio

I tuoi punteggi nel tempo

Non hai fatto questo quiz